[Event "EU-Cup 18th"]
[Site "Kallithea"]
[Date "2002.09.25"]
[Round "4.5"]
[White "Kempinski, Robert"]
[Black "Karayannis, Athanasios"]
[Result "1-0"]
[WhiteElo "2587"]
[BlackElo "2391"]
[Annotator "Stohl,I"]
[PlyCount "85"]
[EventDate "2002.09.22"]
[EventType "team-swiss"]
[EventRounds "7"]
[EventCountry "GRE"]
[SourceTitle "CBM 092"]
[Source "ChessBase"]
[SourceDate "2003.02.06"]
[SourceVersion "1"]
[SourceVersionDate "2003.02.06"]
[SourceQuality "1"]
[WhiteTeam "Warsaw Polonia"]
[BlackTeam "Northern CA of DEI"]
[WhiteTeamCountry "POL"]
[BlackTeamCountry "GRE"]

1. d4 e6 2. c4 Bb4+ 3. Nd2 f5 {Black's move gives the game an independent
character, but it's hardly better, than the more usual alternatives.} (3... Nf6
4. Ngf3 {-E11 transposes into a Bogo-Indian.}) ({The same goes for} 3... c5 4.
a3 Bxd2+ 5. Qxd2 cxd4 6. Nf3 Nf6 {-E11}) ({or} 3... d5 4. Qa4+ Nc6 5. Ngf3 Nf6
{-E11} (5... dxc4 $5 6. a3 Bxd2+ 7. Bxd2 Qd5 8. Qc2 Nf6 (8... Nxd4 $142 9. Nxd4
Qxd4 10. e3 $13) 9. e3 b5 10. a4 Rb8 11. Be2 $6 (11. axb5 $36) 11... a6 12. O-O
Ne4 13. Rfb1 e5 14. axb5 axb5 15. b3 cxb3 16. Qxb3 Qxb3 17. Rxb3 {Markos,
J-Mrva,M/SVK-ch Kaskady/2002/} b4 $15)) 4. a3 Bxd2+ (4... Be7 5. e4 $14) 5.
Bxd2 Nf6 (5... b6 6. e4 $5 fxe4 7. Qg4 $14) 6. f3 $146 {[%csl Ge4] White
strives for more influence in the [+]. He uses to his advantage the fact, that
his N is not on f3 yet, so he can control the e4-square.} ({A solid and
promising setup is also} 6. e3 d6 7. Bd3 O-O (7... e5 $142 $5 $132) 8. Qc2 Qe7
9. Ne2 b6 10. f3 c5 11. O-O Nc6 12. b4 Qc7 13. b5 Ne7 14. a4 e5 15. a5 Rb8 16.
d5 Bd7 17. Ng3 g6 18. f4 Rbe8 19. Bc3 h5 20. Qb2 Nc8 21. Rae1 Kh7 22. Qb1 Ne7
23. e4 $16 {Uhlmann,W-Pachman,L/Dresden/1956/}) (6. g3 Nc6 7. Nf3 O-O 8. Bg2 d6
9. b4 e5 10. dxe5 Nxe5 11. Qc2 Nxf3+ 12. Bxf3 Ne4 $5 13. Bxe4 fxe4 14. Qxe4 Qf6
15. O-O Bh3 16. Qxb7 Rae8 17. Qd5+ Kh8 18. Qd3 {Babu,N-Ravisekhar,R/IND-ch/
1988/} Bxf1 19. Rxf1 Qe6 $132) 6... O-O 7. Nh3 d6 8. Bc3 Qe7 9. g3 {A somewhat
slow move.} (9. Nf4 $5 Nc6 (9... e5 $6 10. dxe5 dxe5 11. Bb4 c5 12. Nd5 $16)
10. e3 Re8 11. Be2 $14 {[%csl Gc3,Ge2] ^^}) 9... e5 10. Bg2 c5 (10... exd4 $5
11. Qxd4 Nc6 12. Qd2 Be6 13. b3 d5 $32 {<=>}) 11. dxe5 {White wants to open
the position for his ^^.} (11. d5 f4 $5 12. Nf2 Bf5 $132) 11... dxe5 12. O-O
Nc6 (12... f4 $5 13. Qe1 Nc6 (13... Bf5 14. e3 Bd3 15. exf4 Bxf1 16. Kxf1 $44)
14. e3 fxe3 15. Qxe3 Nd4 16. Rae1 Re8 $11 {/~~}) 13. e3 Be6 14. Qe2 $14 {
[%csl Gc3,Gg2] White has stabilized the position and the ^^ offers him
slightly better prospects.} Rad8 (14... Qf7 15. b3 Qh5 16. Nf2 {[%cal Yf2d3] /
\Nd3+/=}) 15. b3 h6 16. Nf2 Bf7 $6 (16... a5 {strives for <<<=> and also
forestalls a future b4 break (see later in the game).} 17. g4 (17. f4 exf4 18.
gxf4 a4 {[%cal Ye7f7] /\Qf7~~}) (17. Nd3 a4 18. Nxe5 Nxe5 19. Bxe5 Nd7 $1 $13)
17... a4 $5 18. gxf5 Bxf5 19. bxa4 Be6 $132 {[%csl Rc4] ><c4}) 17. g4 $1 $36 (
17. f4 $2 exf4 {/\} 18. gxf4 Nd4 $36) 17... Qe6 (17... fxg4 18. fxg4 $36) (
17... f4 $142 18. exf4 exf4 19. Qxe7 Nxe7 20. Bxf6 gxf6 21. Ne4 b6 22. Rad1 $5
$14) 18. Rad1 b6 (18... f4 19. exf4 exf4 20. Qxe6 Bxe6 21. Nh3 $16 {[%csl Rf4]
><f4} (21. Rfe1 $5 $36)) (18... Bg6 $142 $5) 19. Rxd8 Rxd8 20. gxf5 Qxf5 21.
Rd1 {[%csl Re5][%mdl 4096] ><e5 White gradually exchanges the unnecessary
pieces and heads for an advantageous _|_.} Rxd1+ 22. Qxd1 Bh5 23. Qd3 $1 Ne7 (
23... Qxd3 $2 24. Nxd3 {[%csl Re5] ><e5}) (23... Qe6 24. f4 $1 {/\} exf4 25.
Bxf6 Qxf6 26. Qd5+ Bf7 27. Qxc6 Qa1+ 28. Bf1 fxe3 29. Qa8+ Kh7 30. Qe4+ $18)
24. b4 (24. Qd8+ Kh7 $1 {/\} (24... Kf7 25. Nd3 $40) 25. Qxe7 Qb1+ 26. Bf1 Qg6+
27. Ng4 $8 Nxg4 28. fxg4 Qxg4+ 29. Bg2 Qd1+ 30. Bf1 Qg4+ $11) 24... cxb4 (24...
Kf7 25. e4 $5 Qg5 26. Bd2 Qg6 27. f4 $36) (24... Qe6 25. Ne4 $16) 25. axb4 Qe6
26. Ne4 Bf7 27. Bf1 (27. Nd6 $143 Bg6 $14) 27... Nxe4 {Black only helps White
to reach the _|_.} (27... Bg6 $142 28. Qd8+ (28. Nxf6+ Qxf6 29. Qd8+ Kh7 30. f4
Be4 $1 $132) 28... Kh7 29. Qd6 $1 $16) 28. Qxe4 Qg6+ 29. Qxg6 Nxg6 30. Bd3 $18
{[%csl Re5,Rg7] ><e5,g7 Black's forces are tied down to the defence of his
weaknesses, he has no active <=>.} Kf8 31. Kf2 (31. Bxg6 $2 Bxg6 32. Bxe5 Bd3
33. c5 bxc5 34. bxc5 Bb5 $14 {^- is premature, the drawish tendencies of ^-
are well-known.}) 31... Ke7 32. c5 $1 (32. Kg3 Kd6 33. f4 exf4+ 34. exf4 Ne7
35. Bxg7 Bxc4 $1 $16) 32... bxc5 33. bxc5 Ke6 (33... Kd7 34. Bxg6 (34. Bb5+ $5
Kc8 35. c6 $18 {[%csl Gc6] o^c}) 34... Bxg6 35. Bxe5 {[%cal Re5g7] /\Bg7+-})
34. Bc4+ (34. c6 $5 Kd6 35. Be4 {[%cal Rc3b4] /\Bb4+-}) 34... Ke7 35. Bb5 $18
Be6 (35... Be8 36. c6 Ke6 (36... Kd6 37. Bb4+ Kc7 38. Ba5+ Kd6 39. c7 Bd7 40.
Ba6 Ne7 41. Bb4+ $18) 37. c7 Bd7 38. Bd3 Ne7 39. Bc4+ Kf6 40. f4 $18) 36. Bd3
Bf7 37. Kg3 $5 {Black is tied down and White doesn't need to force matters.} (
37. Bxg6 Bxg6 38. Bxe5 Kf7 39. e4 $18) (37. c6 $18) 37... h5 38. f4 exf4+ 39.
exf4 {[%cal Rc3g7,Rf4f5] /\f5,Bg7} Nf8 40. c6 (40. Bxg7 $2 Ne6 {/\Nc5+/=})
40... g6 (40... Ne6 41. f5 Nc7 42. Be5 Kd8 43. Bxg7 {[%cal Rg3h4,Rh4g5] /
\Kh4-g5+-}) (40... Kd6 41. Bb4+ $18) (40... Bd5 41. Bb4+ Kf7 42. c7 Bb7 43.
Bxf8 Kxf8 44. Bf5 $18) 41. Bb4+ Ke8 42. c7 Be6 43. Bb5+ (43. Bb5+ Kf7 44. Bc4
$1 $18 {and the Pc7 queens.}) 1-0

[Event "Lazne Bohdanec"]
[Site "Lazne Bohdanec"]
[Date "1995.??.??"]
[Round "3"]
[White "Barbero, Gerardo F"]
[Black "Vokac, Marek"]
[Result "0-1"]
[WhiteElo "2500"]
[BlackElo "2475"]
[Annotator "Stohl,I"]
[PlyCount "58"]
[EventDate "1995.01.??"]
[EventType "tourn"]
[EventRounds "11"]
[EventCountry "CZE"]
[EventCategory "10"]
[SourceTitle "CBM 045"]
[Source "ChessBase"]
[SourceDate "1995.04.01"]
[SourceVersion "1"]
[SourceVersionDate "1995.04.01"]
[SourceQuality "1"]

1. d4 {Ftacnik} g6 2. c4 Bg7 3. Nc3 c5 4. d5 Bxc3+ 5. bxc3 f5 6. Nh3 $146 (6.
h4 Nf6 7. h5 Rg8 8. hxg6 hxg6 9. Nf3 Qa5 $5 10. Qc2 d6 11. Bg5 Nbd7 12. Nd2 Nb6
13. e4 Bd7 14. Bd3 fxe4 15. Nxe4 Nxe4 16. Bxe4 O-O-O 17. Bd3 Rde8 18. O-O Qa4
$15 {Potapov,A-Golod,V/Pardubice op/1994/}) (6. d6 $6 Nc6 7. dxe7 Qxe7 8. Bf4
Ne5 9. e3 d6 10. Nf3 Nf6 11. Rc1 Bd7 12. Bg5 O-O 13. Be2 Bc6 14. O-O Kg7 15.
Nd2 Rae8 16. Re1 Qe6 17. Bxf6+ Rxf6 18. h3 Qe7 19. Rb1 Re6 20. Nf1 f4 $1 $36 {
Kelecevic,N-Kamber,B/Ticino op/1993/}) (6. g3 Qa5 7. Qb3 Nf6 8. Bg2 d6 9. Nh3
Nbd7 10. O-O Nb6 11. Ng5 Qa4 12. Ne6 Bxe6 13. dxe6 Ne4 14. f3 Nf6 15. Rb1 Rb8
16. e4 fxe4 17. fxe4 Qxc4 18. e5 $1 Qxb3 19. Rxb3 dxe5 20. Be3 Rc8 21. Rb5 Nbd5
22. Rxc5 $44 {Alterman,B-Reinderman,D/Tilburg/1994/}) 6... Nf6 7. f3 d6 8. Nf4
Qa5 (8... g5 $6 9. Ne6 Bxe6 10. dxe6 f4 11. e3 $16) 9. Qb3 Nbd7 10. h4 (10. Ne6
{Ftacnik} Ne5 11. Bg5 Bxe6 12. Bxf6 exf6 13. dxe6 (13. Qxb7 $2 Qxc3+ 14. Kf2
O-O 15. dxe6 Qxa1 $19) 13... O-O-O 14. Rb1 Qc7 $17) 10... Ne5 11. e3 Bd7 12. a4
(12. Be2 b5 $5 13. cxb5 c4 14. Qb4 Qxb5 $13) (12. Qxb7 {Ftacnik} Qxc3+ 13. Kf2
Qxa1 $1 14. Qxa8+ Kf7 15. Qxh8 Ne4+ $1 16. Kg1 Nxf3+ 17. gxf3 Qxh8 18. fxe4 Qc3
$19) 12... Rb8 (12... O-O-O $5 {/\Rde8,e6<=>}) 13. Bd2 Kd8 14. Be2 (14. Nd3 $5
$13) 14... Kc7 15. Kf2 (15. Kd1 {Ftacnik} h6 16. Kc2 $13) 15... h6 16. Qc2 (16.
Nd3 Nxd3+ 17. Bxd3 e5 $15) 16... Rhg8 $1 (16... g5 $2 17. hxg5 hxg5 18. Ne6+
Bxe6 19. dxe6 $16 {><f5}) 17. Rhb1 (17. Ne6+ $5 Bxe6 18. dxe6 Qa6 $15) 17... g5
18. Ne6+ Bxe6 19. Rb5 (19. dxe6 g4 {/\} 20. Qxf5 gxf3 21. gxf3 Rbf8 $36 (21...
Rbf8 {Ftacnik} 22. Kf1 Qa6 $1 23. Rb5 Nfg4 $40)) 19... Qa6 20. dxe6 g4 21. Rab1
gxf3 22. gxf3 Qc6 $36 23. Qxf5 Ne4+ $1 (23... Rbf8 $6 24. Rxb7+ Qxb7 25. Rxb7+
Kxb7 26. Qb1+ $14) 24. fxe4 (24. Qxe4 Qxe4 25. fxe4 Rbf8+ 26. Bf3 $8 (26. Ke1 {
Ftacnik} Rg1+ 27. Bf1 Rgxf1+ 28. Ke2 R8f2#) 26... Rxf3+ 27. Ke2 (27. Ke1 Rg1+
28. Ke2 Rg2+ 29. Kd1 Nxc4 30. Rxb7+ Kc6 $19) 27... Rg2+ $19) (24. Ke1 {Ftacnik}
Rg1+ 25. Bf1 Ng3 $19) 24... b6 $3 (24... Rbf8 25. Rxb7+ Qxb7 26. Rxb7+ Kxb7 27.
Ke1 $5 (27. Bh5 {Ftacnik} Rxf5+ 28. exf5 $132) 27... Rxf5 28. exf5 $15 {/\e4<=>
}) 25. Bh5 $8 (25. Ke1 {Ftacnik} Rbf8 26. Qh3 Rg1+ 27. Bf1 Qxe4 $19) 25... Rbf8
26. Bf7 Rg7 27. Ke2 (27. Ke1 Rgxf7 28. exf7 Rxf7 $40) (27. a5 {Ftacnik} Rgxf7
28. exf7 Rxf7 29. axb6+ axb6 30. Qxf7 Nxf7 31. Rxb6 Qxe4 32. Rb7+ Kd8 33. Rb8+
Kd7 34. R1b7+ Ke6 $19) (27. Qh5 {Ftacnik} Qxe4 28. Rg1 Rfxf7+ 29. exf7 Rxf7+
30. Ke1 Rf5 $40) 27... Rgxf7 (27... Nxf7 $2 28. exf7 Rgxf7 29. Qd5 $16) 28.
exf7 Rxf7 29. Qh3 (29. Qxf7 Nxf7 $19 {עe2,P}) 29... Qxe4 {/\Qd3,Nf3,Rf1} (
29... Qxe4 30. Rf1 (30. Re1 Qd3+ 31. Kd1 Rf2 32. Rb2 Nxc4 $19) (30. Kd1 Qd3 $19
) 30... Qxc4+ 31. Ke1 Nd3+ 32. Kd1 Rxf1+ (32... Rf2 $1 $19) 33. Qxf1 Qxa4+ 34.
Ke2 Qxb5 $19) 0-1

[Event "GER-ch 71st"]
[Site "Altenkirchen"]
[Date "1999.11.16"]
[Round "5"]
[White "Dautov, Rustem"]
[Black "Bischoff, Klaus"]
[Result "1/2-1/2"]
[WhiteElo "2597"]
[BlackElo "2509"]
[Annotator "Stohl,I"]
[PlyCount "119"]
[EventDate "1999.11.12"]
[EventType "swiss"]
[EventRounds "9"]
[EventCountry "GER"]
[SourceTitle "CBM 074"]
[Source "ChessBase"]
[SourceDate "2000.02.01"]
[SourceVersion "1"]
[SourceVersionDate "2000.02.01"]
[SourceQuality "1"]

1. d4 e6 2. c4 b6 3. e4 (3. Nc3 Bb4 4. e4 Bb7 5. Bd3 Nc6 6. Nf3 Bxc3+ 7. bxc3
Nge7 8. O-O Ng6 9. Bg5 f6 10. Be3 O-O 11. h4 Nce7 12. h5 Nh8 13. Nd2 Nf7 14. g4
e5 15. f4 d6 16. a4 exf4 17. Bxf4 Qd7 18. Rf2 Rae8 19. Rg2 h6 20. Nf3 Ng5 $15 {
[%csl Rc4,Rd4,Re4] ה,Bischoff,D-Bischoff,K/GER-ch/Altenkirchen/1999/}) 3...
Bb7 4. Bd3 Bb4+ {Bischoff is definitely a different type of player as Shabalov,
one of the main exponents of the 2...b6 line in it's sharpest form:} (4... f5
5. exf5 Bb4+ 6. Kf1 Nf6 7. Be2 O-O 8. c5 bxc5 9. a3 Ba5 10. dxc5 Ne4 11. b4 $6
(11. Nf3 $142 $1) 11... Qf6 12. Ra2 Bd5 13. Rb2 Nc6 14. bxa5 Rab8 15. Rxb8 Rxb8
16. Bd3 Qa1 17. Ne2 Bb3 18. Qe1 Nxc5 19. Qd2 Nxd3 20. Qxd3 Ne5 21. Qc3 Qxb1 22.
Qxe5 Bc4 23. Qc3 Qa2 24. Qd2 Qxd2 25. Bxd2 Rb1+ 26. Be1 Rb2 27. fxe6 Bxe2+ 28.
Kg1 Rb1 {0-1,Ippolito,D-Shabalov,A/Linares op/2000/}) 5. Bd2 Bxd2+ 6. Nxd2 Nh6
{[%mdl 32] Black after the positionally desirable exchange of the dark-squared
B strives to place his P on the dark-squares. An interesting strategical fight
ensues, in which Black has a better B, but White has considerably more space
and chances to be active on both flanks, if the [+] is blockaded. Overall, his
chances are to be preferred if he acts energetically enough.} (6... d6 7. Ne2
c5 8. d5 e5 9. O-O Nd7 10. Nc3 Ne7 11. g3 Ng6 12. f4 $36 exf4 $6 13. gxf4 Qf6
14. Qf3 Qd4+ 15. Kh1 Nde5 16. fxe5 Nxe5 17. Qf4 Qxd3 18. Nb5 O-O 19. Nxd6 Ng6
20. Qf2 $16 {Bunzmann,D-Oral,T/Budapest/1998/}) 7. Ngf3 ({A more aggressive
attempt seems more promising:} 7. Qh5 $142 $5 {()>> White wants to disrupt
Black's plans and gain some more space.} Qf6 8. Ngf3 (8. e5 Qf4 9. Ne2 Qg4 10.
Qxg4 Nxg4 11. f3 Nh6 12. g4 Nc6 13. O-O-O O-O-O 14. Rhg1 d6 15. g5 Ng8 16. exd6
Rxd6 17. Rg4 {Flear,G-Wauthier,P/Brocco op/1991/} Nge7 18. Rf4 Nd8 $11) 8...
Nc6 9. e5 Qf4 10. g3 Qg4 11. Qxg4 Nxg4 12. O-O f6 13. h3 Nh6 14. exf6 gxf6 15.
a3 Nf7 16. b4 O-O-O 17. Rfe1 Ng5 18. Nxg5 fxg5 19. d5 exd5 20. cxd5 Nb8 21. d6
$1 $36 {Petursson,M-Wauthier,P/Brocco op/1991/}) 7... O-O 8. Qc2 $146 (8. O-O
f6 $5 (8... f5 $143 9. Rc1 Nc6 10. d5 Nb4 11. Bb1 fxe4 12. Nxe4 exd5 13. Neg5
dxc4 14. Bxh7+ Kh8 15. Bb1 b5 16. a3 Nd3 17. Bxd3 cxd3 18. Qxd3 Rf5 19. Rc5 $40
{Byrne,S-Sandler,L/Sydney/1995/}) 9. Re1 Nf7 10. Nf1 Nc6 11. Rc1 Ne7 12. Ng3
Ng6 13. Qd2 c5 14. Bf1 Qc7 15. Red1 d6 16. d5 e5 17. Ne1 Bc8 18. Nd3 Nh6 19.
Re1 Bd7 20. Be2 a5 $11 21. f4 $2 exf4 22. Nxf4 Nxf4 23. Qxf4 Rae8 24. Bd3 Re5
25. Rf1 Qd8 26. Rc2 Qe7 27. Rcf2 Be8 28. Qd2 Bg6 $17 {Ellers,H-Bischoff,K/
Schwerin/1999/}) 8... f6 9. O-O Nc6 10. a3 Ne7 11. Rfe1 c5 12. d5 {()} (12. b4
cxd4 13. Nxd4 Ng6 $132) 12... e5 (12... Nf7 $6 13. e5 $16) 13. b4 {This
wouldn't have run away. More incisive was} (13. Nh4 d6 14. g3 $5 {[%cal Yf2f4]
/\f4+/=}) 13... d6 14. bxc5 (14. g3 Bc8 15. Nh4 f5 $11) 14... dxc5 $5 {Black
allows White a protected passed pawn, but he will be able to blockade it
effectively.} (14... bxc5 $143 15. Rab1 $14) 15. a4 a5 $13 (15... Nf7 $6 16. a5
$16 {[%csl Ra7,Rb6] ׫}) 16. Nh4 Bc8 17. g3 Nf7 18. Nb1 {The maneuvring starts,
both players gradually improve their pieces. White still remains the active
side due to his extra (), but he can make no clear inroads} Bd7 19. Nc3 Qc7 (
19... Nd6 20. Rab1 Nec8 21. f4 Ne8 $5 {[%csl Rb4] ><b4} 22. Nf3 Bg4 $132) 20.
f3 Nc8 21. Kh1 Ncd6 22. Rab1 Rab8 23. f4 Rb7 (23... Qd8 $11 {immediately with
the same idea Ne8-c7-a6-b4 was also possible.}) 24. Qd2 Qd8 25. Qg2 Ne8 $1 26.
Nf3 Bg4 27. Nh4 Bd7 28. h3 Qb8 29. Rf1 Nc7 30. Be2 Qc8 31. Kh2 Na6 32. f5 $5 {
White blockades the position even further, a committal decision.} ({But after} 
32. Nf3 Qe8 33. Ra1 (33. Bd1 Nb4 34. Nd2 Nd6 $11) 33... Nb4 34. Rfc1 Nd6 {
White would be more or less forced to close the [+] anyway.} 35. f5 (35. fxe5
$6 fxe5 36. Nd2 Rf6 $15) 35... g6 $5 $132) 32... Nd6 33. g4 Qe8 34. Nb5 $6 {
After this concession Black takes over. White exchanges a good N, which
protected e4, his B remains a cripple.} ({Necessary was} 34. Ra1 Nb4 35. Rfc1
$11 {[%cal Yh4f3,Yh3h4,Yg4g5] /+/=,/\Nf3,h4,g5}) 34... Bxb5 {[%csl Re2] ץe2}
35. axb5 (35. cxb5 Nb4 36. Rbc1 Rc7 (36... c4 $6 37. Bxc4 Rc7 38. Bb3 Qc8 39.
Rc6 $1 $16) 37. Bc4 g5 $1 38. fxg6 $8 hxg6 $15) 35... Nb4 {[%csl Ga5][%cal
Ra5a2] o^a} 36. Ra1 $5 {This exchange sacrifice is the only way of preventing
Black from invading into White's position.} (36. Rb3 Ra7 (36... a4 37. Ra3 Ra7
38. Rfa1 Qa8 39. Bf1 {[%csl Ra4] ><a4}) 37. Ra1 Nc2 38. Rd1 g5 $1 $36) 36...
Nc2 37. Bd3 Nxa1 (37... Nd4 38. Qg3 {[%cal Yh4g2,Yg2e3,Ya1a4] /\Ng2-e3,Ra4
with an impregnable position.}) (37... Ne3 38. Qe2 Nxf1+ 39. Qxf1 $15 {is
similar to the game.}) 38. Rxa1 Qe7 (38... a4 $5 39. Rxa4 Rb8 40. Ra6 Qd8 {
[%cal Yb8a8] /\Ra8=/+}) 39. Ra4 Kf7 40. Nf3 Ke8 41. Qg3 g6 42. fxg6 hxg6 43.
Ra2 g5 $6 {This throws almost all winning chances Black has. Although now his
N will reach f4, he will have no effective pawn break at his disposal.} (43...
f5 44. gxf5 gxf5 45. Nxe5 $132) (43... Kd8 $15 {[%cal Yd8a7] /-/+,/
\Kd8-c7-b8-a7 Blacks' plan is to hide his K first and then start action on the
>>.} 44. g5 Nf7 $5 45. Nh4 Rg8 {and the position gradually opens up.}) (43...
Nf7 $5 {with the same idea is maybe even more prudent.}) 44. Ra4 $1 Rh8 45. Nd2
Ra7 46. Nb1 $1 Kd7 ({The last reasonable try was} 46... f5 $5 47. exf5 (47.
gxf5 Rh4 $19 {[%cal Rg5g4,Rd6e4] /\g4,Ne4}) 47... e4 48. Bf1 Qf6 $36) 47. Nc3
Kc7 48. Nd1 Rh6 49. Nf2 $11 {Now White has built a fortress, by putting his B
on f1 he protects ><h3 and just shuffles his pieces around.} Kb8 50. Bf1 Qe8
51. Kg1 Rah7 52. Kh2 Nf7 (52... Kc7 53. Kg1 (53. Qf3 f5 $5 $15) 53... Kd7 54.
Kh2 {and Black can't realize an effective f5 break:} f5 $6 55. exf5 (55. gxf5
$5 $13) 55... e4 56. Ra3 $44) 53. Qf3 Qd8 54. Qg3 Nh8 55. Nd1 Ng6 56. Nf2 Nf4
57. Qe3 Qd6 58. Qg3 Rh4 59. Qe3 Rh8 60. Kg1 1/2-1/2

[Event "Bundesliga 0203"]
[Site "Germany"]
[Date "2003.03.08"]
[Round "12.2"]
[White "Gustafsson, Jan"]
[Black "Buhmann, Rainer"]
[Result "1-0"]
[WhiteElo "2554"]
[BlackElo "2527"]
[Annotator "Stohl,I"]
[PlyCount "39"]
[EventDate "2002.10.19"]
[EventType "team-tourn"]
[EventRounds "15"]
[EventCountry "GER"]
[SourceTitle "CBM 094"]
[Source "ChessBase"]
[SourceDate "2003.05.26"]
[SourceVersion "1"]
[SourceVersionDate "2003.05.26"]
[SourceQuality "1"]
[WhiteTeam "Hamburger SK"]
[BlackTeam "Stuttgart"]
[WhiteTeamCountry "GER"]
[BlackTeamCountry "GER"]

1. d4 e6 2. c4 b6 3. a3 Bb7 4. Nc3 f5 5. Nh3 $5 {A rare, but original
continuation, which perhaps deserves to appear more often.} g6 $146 {A novelty.
In all the previous games Black developed his Ng8 to its most natural square.}
(5... Nf6 6. f3 {is the most consistent move, White limits the scope of the
Bb7 and frees f2 for his N, later he can decide between Nf2 or Nf4.} (6. Bg5 $6
h6 7. Bxf6 Qxf6 8. Nf4 Bd6 9. Qd2 g5 10. Nh3 Bf8 (10... e5 $5 $36) 11. e3 Bg7
12. f3 d6 13. Nf2 Nd7 14. Be2 a6 15. O-O O-O 16. Rad1 Rad8 17. b4 c5 18. Qb2
cxd4 19. Rxd4 Qe7 20. Rd2 Ne5 $15 {Sokolov,I-Bischoff,K/Garmisch act/1994/}) (
6. Nf4 Bd6 7. Nb5 Bxf4 $5 8. Bxf4 d6 9. e3 Nbd7 10. Bd3 a6 11. Nc3 Qe7 12. O-O
g5 13. Bg3 h5 14. f3 O-O-O 15. b4 h4 16. Be1 g4 17. f4 g3 18. h3 Ng4 19. Bd2
Nf2 20. Qe2 Nf6 21. a4 $132 {Krasenkov,M-Romero Holmes,A/Yucatan/1999/}) 6...
Nc6 $5 {was played in the very first game with 5.Nh3!?. Black solved his
opening problems in an interesting manner, but went on to lose the thread and
the game later on.} (6... Be7 7. e3 (7. Nf2 O-O 8. e3 Qe8 9. Bd3 Qh5 10. O-O
Bd6 11. f4 Qg6 12. d5 Kh8 13. Qf3 exd5 14. cxd5 a5 15. e4 fxe4 16. Nfxe4 Nxe4
17. Bxe4 Qh6 18. Be3 Na6 19. g3 Rae8 20. Rfe1 Re7 21. Bf2 Qf6 22. Rad1 Qf7 23.
Bc2 Rxe1+ 24. Rxe1 Bc5 25. Qd3 g6 26. h4 Qf6 27. Qe4 c6 $132 {Thorsteinsson,
T-Vidarsson,J/Arborg/1998/}) 7... O-O 8. Be2 a5 9. O-O Nc6 (9... Na6 10. b3 Qe8
11. Nf4 Qf7 12. Bb2 d5 13. cxd5 Nxd5 14. Ncxd5 exd5 15. e4 c6 16. exd5 cxd5 17.
Nd3 Bd6 18. Ne5 Bxe5 19. dxe5 Nc5 20. Bd4 Ba6 21. b4 Bxe2 22. Qxe2 axb4 23.
axb4 Rxa1 24. Rxa1 Nb3 25. Rd1 $14 {Murshed,N-King,D/Dhaka/1993/}) 10. b3 Qb8
11. Bb2 Nd8 12. Qc2 Nf7 13. Rad1 c5 14. d5 Re8 15. Rfe1 Bd6 16. f4 exd5 17.
Nxd5 Bxd5 18. cxd5 Rxe3 19. Bxf6 gxf6 {Marin,M-Ftacnik,L/Bled olm/2002/} 20.
Qxf5 Qe8 21. Kf1 $36) (6... g6 7. e3 (7. Nf2 Bg7 8. e3 O-O 9. Bd3 Nc6 10. O-O
Qe7 11. b4 a6 12. Bc2 d5 13. cxd5 Nxd5 14. Nxd5 exd5 15. Bb3 Rad8 16. f4 Na7
17. Nd3 Nb5 18. Ne5 Nd6 19. a4 Qe6 20. Qc2 Rc8 21. Ba3 Rfd8 22. Rac1 b5 $5 $11
{Sinanovic,M-Nikolac,J/Pula CRO Cup/2001/}) (7. g3 Bg7 8. Bg2 Nc6 9. O-O O-O
10. Be3 (10. e4 fxe4 11. fxe4 e5 12. d5 Nd4 13. Ne2 c5 14. Nxd4 cxd4 15. a4 h6
16. b3 d6 17. Nf2 Bc8 18. a5 b5 $1 19. Ba3 $13 {1/2, Bykhovsky,A-Botvinnik,I/
Tel Aviv/2000/}) 10... Qe7 11. Bf2 d6 12. d5 Nd8 13. e4 fxe4 14. fxe4 e5 15.
Be3 Bc8 16. Nf2 Nf7 17. Qd2 Bd7 18. b4 h5 19. Rfc1 h4 20. c5 Nh5 21. Ne2 Bb5
22. Nd3 Bxd3 23. Qxd3 Bh6 $132 {Chernin,A-Romero Holmes,A/Madrid op act/2002/})
7... Bg7 8. Be2 O-O 9. O-O Qe7 10. b4 a5 11. b5 d6 12. Qb3 Nbd7 13. Bd2 Rae8
14. Rad1 Kh8 15. Bc1 e5 16. Rfe1 h6 17. Qc2 Qf7 18. a4 Re7 19. dxe5 Rxe5 20.
Nf4 Rfe8 21. Ncd5 Nxd5 22. cxd5 Nc5 23. Bc4 Bc8 24. Nd3 Nxd3 25. Rxd3 Bb7 26.
Bb2 R5e7 27. Bxg7+ Qxg7 28. Bb3 g5 29. Qc3 f4 $11 {Kruppa,Y-Lysyj,I/St.
Petersburg/2002/}) 7. e3 g6 8. Be2 Bg7 9. O-O O-O 10. b4 Qe7 11. Re1 Nd8 $1 12.
Bb2 Nf7 13. Bf1 c5 $1 14. bxc5 bxc5 15. Rb1 d6 16. dxc5 dxc5 17. Ba1 Bc6 18.
Nf2 Rad8 19. Qc2 Ng5 20. Be2 e5 21. Rbd1 e4 22. f4 Ne6 $11 {/=/+,Portisch,
L-Miles,A/Malta olm/1980/}) 6. f3 Bg7 7. e3 Ne7 (7... Nf6 $142 {-5...Nf6}) 8.
Be2 O-O 9. O-O c5 $6 (9... Nbc6 10. b4 a6 11. Bb2 $14 {()<<}) (9... a5 $5 10.
Nf4 Qe8 11. Nb5 Na6 $13 {[%cal Yg6g5] /+/=,/\g5<=>}) 10. d5 $1 $36 {[%csl Rb7,
Gc4,Gd5][%mdl 512] ()[+],ץb7 Aggressive and consistent. White sacrifices a P 
(a very poisoned one indeed!) to strengthen his grip in the [+].} exd5 {
Black has problems developing his <<, so he should have thought twice about
opening the position.} (10... Be5 $142 11. Nf4 $5 g5 12. Nd3 $14) (10... Bxc3
$2 11. bxc3 exd5 12. cxd5 {-10...ed5}) (10... Qe8 11. Nb5 Na6 12. e4 $5 $16)
11. cxd5 (11. Nxd5 Nxd5 12. cxd5 Re8 $132) 11... Bxc3 $2 {[%mdl 16384] A grave
strategic mistake, albeit in a difficult position. Now White's attack along
the בa1-h8 decides as by itself.} (11... Na6 12. Nf4 (12. Bc4 d6 13. Nf4 Nc7
$14) 12... Nc8 13. d6 $5 Kh8 14. Bc4 $36) (11... Nc8 $142 $5 {[%cal Yc8d6,
Yb8a6] /\Nd6,Na6+/=}) 12. bxc3 Bxd5 (12... Nxd5 $4 13. Bc4 $18) 13. c4 Bf7 14.
Bb2 $40 h6 (14... d5 15. Ng5 $1 (15. Qe1 Nbc6 16. Ng5 d4 17. Qh4 h5 $132) (15.
cxd5 Nxd5 16. Qc1 $36) 15... f4 (15... Nbc6 16. cxd5 Qxd5 17. Qc1 $40) 16. cxd5
fxe3 (16... Qxd5 17. Nxf7 $1 Rxf7 (17... Qxd1 18. Nh6#) 18. Qc2 $18) (16...
Bxd5 17. e4 h6 18. exd5 hxg5 19. d6 $18) 17. Nxf7 Rxf7 18. d6 $18) 15. Qe1 $1
Kh7 (15... d5 16. Qh4 h5 17. Qf4 $1 {[%cal Rf4h6,Rf4e5,Rh3g5] /\Qe5,Qh6,Ng5+-}
(17. Qf6 d4 18. exd4 Nec6 $16)) 16. f4 (16. Bf6 $5 g5 17. f4 $18 {->}) 16...
Nec6 $6 (16... d5 17. Rd1 Nbc6 {[%cal Yd5d4] /\d4 was the only way to prolong
the game.}) 17. Qc3 $18 Rg8 18. Rf3 Be6 $2 (18... Qh4 $8 19. Ng5+ hxg5 20. Rh3
Qxh3 21. gxh3 $18 {[%cal Rc3f6] /\Qf6}) 19. Ng5+ $1 hxg5 20. Rh3# 1-0